000 00451nam a2200169Ia 4500
003 LK-CoDNM
008 010623t1919 xxu||||| |||| 00| 1 sin d
040 _aLK-CoDNM
_dLK-CoDNM
_eLK-CoDNM
041 _asin
080 _a104 C 8
100 _aAmarasingha,F.P
_eed.
245 _aමුතියන්ගන වර්නනාව
246 _aMutiyangana Varnanaawa
260 _bSamayavardana
_aColombo
_c1919
300 _b18p, 21 cm
942 _cBK
999 _c89837
_d89837